Taxonomie Pokémon - Objets - Statistiques

Statistiques générales
  • Ce quiz a été pris 202 fois
    61 depuis la dernière actualisation
  • Le résultat moyen est 53 sur 71
Statistiques - réponses
Type de quiz Pokémon % Correct
Électrik Acier Magnéti
98%
Électrik Acier Magnéton
98%
Électrik Plante Voltorbe de Hisui
91%
Électrik Électrode
91%
Électrik Plante Électrode de Hisui
91%
Électrik Voltorbe
91%
Spectre Feu Funécire
89%
Électrik Acier Magnézone
89%
Électrik Feu Motisma (Chaleur)
89%
Électrik Glace Motisma (Froid)
89%
Électrik Vol Motisma (Hélice)
89%
Électrik Eau Motisma (Lavage)
89%
Électrik Plante Motisma (Tonte)
89%
Spectre Feu Lugulabre
87%
Acier Spectre Exagide
85%
Spectre Feu Mélancolux
85%
Acier Spectre Monorpale
85%
Poison Tadmorv
85%
Poison Ténèbres Tadmorv d'Alola
85%
Poison Grotadmorv
83%
Poison Ténèbres Grotadmorv d'Alola
83%
Acier Fée Trousselin
83%
Acier Spectre Dimoclès
81%
Acier Clic
79%
Acier Cliticlic
79%
Poison Smogo
79%
Poison Smogogo
79%
Poison Fée Smogogo de Galar
79%
Spectre Théffroi
79%
Acier Tic
79%
Sol Psy Balbuto
77%
Sol Psy Kaorine
77%
Acier Fée Magearna
77%
Acier Psy Archéodong
74%
Acier Psy Archéomire
74%
Spectre Vol Baudrive
74%
Spectre Branette
74%
Spectre Vol Grodrive
74%
Spectre Polichombr
74%
Plante Spectre Poltchageist
72%
Spectre Polthégeist
72%
Spectre Fée Mimiqui
70%
Acier Poison Vrombi
70%
Acier Poison Vrombotor
70%
Poison Miamiasme
68%
Poison Miasmax
68%
Spectre Tutafeh
68%
Sol Spectre Tutafeh de Galar
68%
Plante Spectre Théffroyable
66%
Spectre Tutankafer
66%
Fée Cupcanaille
64%
Normal Morphéo
64%
Glace Morphéo (Blizzard)
64%
Eau Morphéo (Eau de Pluie)
64%
Feu Morphéo (Solaire)
64%
Normal Porygon
64%
Normal Porygon2
64%
Spectre Plante Sinistrail
64%
Fée Sucroquin
64%
Sol Spectre Tutétékri
64%
Acier Vol Bamboiselle
62%
Plante Acier Katagami
62%
Électrik Sol Pelage-Sablé
62%
Normal Porygon-Z
62%
Électrik Câblifère
60%
Psy Vol Cryptéro
60%
Psy Éoko
57%
Feu Spectre Pierroteknik
57%
Psy Korillon
53%
Fée Charmilly
45%
Fée Crèmy
45%
Aucun quiz correspondant
Distribution des résultats
% des personnes avec chaque résultat
Percentile par nombre de réponses
Votre historique - résultats
Vous n’avez pas pris ce quiz depuis la dernière actualisation